Halloween - Filmreihe - Statistiken

Allgemein
  • Dieses Quiz wurde 11 mal gespielt
  • Das Durchschnittsergebnis liegt bei 7 aus 13
Antwortstatistiken
Erscheinungsjahr Filmtitel % Korrekt
2007 Halloween
100%
2018 Halloween
100%
2009 Halloween 2
82%
1982 Halloween 3
82%
2022 Halloween Ends
73%
2021 Halloween Kills
64%
1978 Halloween - Die Nacht des Grauens
45%
1997 Halloween - H20
45%
2002 Halloween - Resurrection
36%
1995 Halloween 6 - Der Fluch des Michael Myers
18%
1988 Halloween 4 - Michael Myers kehrt zurück
18%
1989 Halloween 5 - Die Rache des Michael Myers
18%
1981 Halloween 2 - Das Grauen kehrt zurück
9%
Keine übereinstimmenden Quizze gefunden
Verteilung der Resultate
Anzahl Personen mit jedem Resultat
Perzentil nach korrekt beantworteten Fragen
Ihre Resultats-Entwicklung
Sie haben dieses Quiz noch nicht gespielt